000 00338nam a2200121Ia 4500
008 190216s9999||||xx |||||||||||||| ||und||
100 _aMital K V
245 0 _aOptimization Methods In Operations Research And Systems Analysis
260 _bNew Age International Publishers
_c1976
300 _a385p
650 _aMathematics
942 _cBK
999 _c31372
_d31372